DOS TV V2 : Ladiaci program DBG

Salvato in:
Dettagli Bibliografici
Natura: Libro
Lingua:slovacco
Pubblicazione: Bratislava : Datasystém, 1984
Edizione:2.vyd., Dotlač
Tags: Aggiungi Tag
Nessun Tag, puoi essere il primo ad aggiungerne!!

MARC

LEADER 00000nam a22000003a 4500
001 stu35639
005 20150408180809.2
008 920429s1984----cs------------------slo-d
040 |a STU  |b slo 
041 0 |a slo 
044 |a cs 
245 |a DOS TV V2 :  |b Ladiaci program DBG 
250 |a 2.vyd., Dotlač 
260 |a Bratislava :  |b Datasystém,  |c 1984 
300 |a 74 s 
996 |b 284M022101  |c M*7450-1  |l MMKN  |s A  |a 24  |w stu35639_0001